| LEADER 00000nam 2200000uu 4500 |
| 001 213601 |
| 003 ULIBM |
| 008 230718s||||||||th 000 0 tha d |
| 020 ^a9780323810302 |
| 041 ^aeng |
| 060 04 ^aWY160^bV289e 2023 |
| 100 1 ^aVarcarolis, Elizabeth M. |
| 245 10 ^aVarcarolis Essentials of psychiatric mental health nursing :^ba communication approach to evidence-based care /^cElizabeth M. Varcarolis |
| 250 ^a5th ed. |
| 260 ^aSt. Louis, Missouri. :^bElsevier,^cc2023 |
| 300 ^axvii, 491 p. :^bill. ;^c26 cm. |
| 504 ^aIncludes bibliographical references and index |
| 650 2 ^aPsychiatric nursing |
| 650 2 ^aEvidence-based medicine |
| 650 2 ^aEvidence-Based Nursing |
| 650 2 ^aNurse-Patient Relations |
| 650 2 ^aNursing Process |
| 650 2 ^aPsychiatric Nursing^xethics |
| 650 2 ^aPsychiatric Nursing^xmethods |
| 999 ^aใช้งานได้ทุกระบบ |